000 00452nam a2200181Ia 4500
008 151202s9999||||xx |||||||||||||| ||und||
082 _bPNVM-15708
100 _aMATHRANI A. P.
245 _aMESSAGES FROM BEYOND.
260 _b"M. P. MATHRANI, SHILCARAPUR."
260 _c0
300 _a139
600 _aMATHRANI A. P.
630 _aMESSAGES FROM BEYOND.
700 _aMATHRANI A. P.
730 _aMESSAGES FROM BEYOND.
942 _cBOOK
999 _c1281693
_d1281690